Pokémon de A-Z n°3 - Statistiques

Statistiques générales
  • Ce quiz a été pris 39 fois
  • Le résultat moyen est 17 sur 26
Statistiques - réponses
Lettre Type 1 Type 2 Stade Gen Pokémon % Correct
K Dragon Glace 1/1 5 Kyurem
85%
N Poison Sol 3/3 1 Nidoqueen
85%
O Eau Fée 3/3 7 Oratoria
85%
Y Insecte Vol 1/2 2 Yanma
85%
X Fée X 1/1 6 Xerneas
82%
Q Normal X 1/1 2 Queulorior
76%
G Feu Psy 3/3 6 Goupelin
73%
M Poison Feu 2/2 7 Malamandre
73%
U Normal X 2/3 2 Ursaring
73%
Z Ténèbres X 2/2 5 Zoroark
73%
D Roche Fée 2/2 6 Diancie
70%
I Électrik Normal 2/2 6 Iguolta
70%
J Plante X 3/3 2 Joliflor
70%
V Ténèbres Vol 2/2 5 Vaututrice
70%
E Normal X 1/1 2 Écrémeuh
67%
R Plante Poison 3/3 4 Roserade
67%
F Fée Acier 3/3 9 Forgelina
64%
P Eau X 1/2 1 Poissirène
61%
W Psy Normal 1/1 8 Wimessir
61%
C Combat Spectre 3/3 9 Courrousinge
58%
S Psy X 3/3 5 Sidérella
58%
T Eau Fée 1/1 7 Tokopisco
55%
B Psy X 1/3 8 Bibichut
48%
A Fée Vol 1/1 8 Amovénus
45%
L Normal X 2/2 4 Lockpin
45%
H Fée Psy 1/1 9 Hurle-Queue
39%
Aucun quiz correspondant
Distribution des résultats
% des personnes avec chaque résultat
Percentile par nombre de réponses
Votre historique - résultats
Vous n’avez pas pris ce quiz